№ 5 (69); Speak Out

Chi tiết về thư mục
Parent link:Speak Out: журнал для изучающих английский язык. № 5 (69).— , 1996-
Ngôn ngữ:Tiếng Anh
Tiếng Nga
Được phát hành: 2008
Định dạng: Sách
KOHA link:https://koha.lib.tpu.ru/cgi-bin/koha/opac-detail.pl?biblionumber=414927

MARC

LEADER 00000nam2a2200000 4500
001 414927
005 20231101072257.0
035 |a (RuTPU)RU\TPU\prd\71282 
035 |a RU\TPU\prd\71281 
090 |a 414927 
100 |a 20091109a19969999k y0rusy50 ca 
101 0 |a eng  |a rus 
102 |a RU 
200 0 |a № 5 (69) 
210 |d 2008 
461 1 |0 (RuTPU)RU\TPU\prd\107  |t Speak Out  |o журнал для изучающих английский язык  |v № 5 (69)  |d 1996- 
801 0 |a RU  |b 63413507  |c 20010227  |g PSBO 
801 1 |a RU  |b 63413507  |c 20020401  |g PSBO 
801 2 |a RU  |b 63413507  |c 20091110  |g PSBO 
942 |c BK 
999 |a НТБ_ТПУ  |b ЧЗИЛ  |e -1/20020212  |p П-9198  |s 1/20080414  |u 0,00  |v 1  |y 13821000516276